Fungicide ergosterol synthesis inhibitors for South American leaf blight control (Record no. 59658)

MARC details
000 -LEADER
fixed length control field 00950nam a2200205Ia 4500
100 ## - MAIN ENTRY--AUTHOR NAME
Personal name Furtad E L
245 #0 - TITLE STATEMENT
Title Fungicide ergosterol synthesis inhibitors for South American leaf blight control
260 ## - PUBLICATION, DISTRIBUTION, ETC. (IMPRINT)
Name of publisher Fitopatologia Brasileira
Year of publication 1995
300 ## - PHYSICAL DESCRIPTION
Number of Pages 203-207
500 ## - GENERAL NOTE
General note Source Year: 1997
520 ## - SUMMARY, ETC.
Summary, etc Fenbuconazole and myclobutanil were compared with triadimefon and mancozeb for Microcyclus ulei control on rubber. Leaf area lesioned(LAL), defoliation percentage(DP), development of sexual structures of the ascogen phase of the pathogen, reduction of initial inoculum(Xo) and disease progress rate (r) were evaluated. Fenbuconazole (2 higher dosage), mancozeb and triadimefon were the most efficient treatments.
650 ## - SUBJECT ADDED ENTRY--TOPICAL TERM
Topical Term Microcyclus ulei
650 ## - SUBJECT ADDED ENTRY--TOPICAL TERM
Topical Term SALB
700 ## - ADDED ENTRY--PERSONAL NAME
Personal name Carvalho J C
700 ## - ADDED ENTRY--PERSONAL NAME
Personal name Godoy Junior G
700 ## - ADDED ENTRY--PERSONAL NAME
Personal name Menten J O M
856 ## - ELECTRONIC LOCATION AND ACCESS
Uniform Resource Identifier IRRDB
942 ## - ADDED ENTRY ELEMENTS (KOHA)
Koha item type Journals
Holdings
Withdrawn status Lost status Damaged status Not for loan Home library Current library Shelving location Date acquired Serial Enumeration / chronology Koha item type
      Journals RRII Library RRII Library Pathology 17/12/2021 Volume 20, Issue 2 Journals